Statistics for The Lord of the Rings Picture Decoder

Click here to take the quiz!

General Stats

  • This quiz has been taken 109 times
  • The average score is 12 of 16

Answer Stats

LetterClueAnswer% Correct
ACharacterAragorn
99%
HRaceHobbit
99%
OItemOne Ring
98%
TAuthorJ.R.R Tolkien
97%
URaceUruk-hai
97%
SRegionThe Shire
94%
ACharacterArwen
90%
LActorChristopher Lee
84%
NGroupNazgûl
80%
SItemSting
77%
LFoodLembas
73%
SCreatureShelob
73%
PItemPalantír
57%
OTowerOrthanc
56%
Quote:You shall
not pass!‎
47%
YGoddessYavanna
29%

Score Distribution

Percentile by Number Answered

Percent of People with Each Score

Your Score History

You have not taken this quiz